[Event "IECC KO email"]
[Site "IECC email"]
[Date "2002.03.27"]
[Round "?"]
[White "Amadio, Giancarlo"]
[Black "Costa, Paulo Cesar"]
[Result "1/2-1/2"]
[WhiteElo "1639"]
[BlackElo "2134"]
[PlyCount "42"]
[EventDate "2002.??.??"]
[EventType "tourn (corr)"]
[EventRounds "6"]
[SourceTitle "Corr 2008"]
[Source "ChessBase"]
[SourceDate "2008.06.24"]
[SourceVersion "1"]
[SourceVersionDate "2008.06.24"]
[SourceQuality "1"]

1. Nf3 Nf6 2. c4 g6 3. d4 Bg7 4. g3 0-0 5. Bg2 d6 6. 0-0 Nc6 7. d5 Na5 8. Nfd2 c5 9. Nc3 a6 10. Qc2 Rb8 11. b3 b5 12. Bb2 Bd7 13. Rab1 Qc7 14. e4 bxc4 15. bxc4 Rb6 16. Ne2 Rfb8 17. Bc3 R6b7 18. Rxb7 Nxb7 19. Rb1 Nd8 20. Rxb8 Qxb8 21. f4 Bg4 1/2-1/2

[Event "IECG WC.2005.P.00011 email"]
[Site "IECG email"]
[Date "2002.01.29"]
[Round "?"]
[White "Amadio, Giancarlo"]
[Black "Dimitriadis, Michael"]
[Result "0-1"]
[WhiteElo "1627"]
[BlackElo "2192"]
[PlyCount "58"]
[EventDate "2002.01.29"]
[EventType "tourn (corr)"]
[EventRounds "12"]
[SourceTitle "Corr 2008"]
[Source "ChessBase"]
[SourceDate "2008.06.24"]
[SourceVersion "1"]
[SourceVersionDate "2008.06.24"]
[SourceQuality "1"]

1. d4 d5 2. Nf3 Nf6 3. Bf4 e6 4. e3 c5 5. c3 Nc6 6. Nbd2 Bd6 7. Bg3 Bxg3 8. hxg3 Qd6 9. Bb5 0-0 10. Bxc6 bxc6 11. Qc2 h6 12. Nb3 cxd4 13. cxd4 Ne4 14. 0-0 Ba6 15. Rfc1 Rab8 16. Qxc6 Bc4 17. Qxd6 Nxd6 18. Nfd2 Rfc8 19. Rab1 Kh7 20. f3 a5 21. Rc3 Bxb3 22. axb3 Rb5 23. Kf2 h5 24. Rbc1 Rcb8 25. Rc5 R8b6 26. Ra1 Nb7 27. Rc7 Nd6 28. Ke2 g6 29. Kd3 Kg8 0-1

[Event "IECG WC.2005.P.00011 email"]
[Site "IECG email"]
[Date "2002.01.29"]
[Round "?"]
[White "Amadio, Giancarlo"]
[Black "Sanmartino, Gianluca"]
[Result "0-1"]
[WhiteElo "1627"]
[BlackElo "1836"]
[PlyCount "61"]
[EventDate "2002.01.29"]
[EventType "tourn (corr)"]
[EventRounds "12"]
[SourceTitle "Corr 2024"]
[Source "ChessBase"]
[SourceDate "2023.10.19"]
[SourceVersion "1"]
[SourceVersionDate "2023.10.19"]
[SourceQuality "1"]

1. d4 Nf6 2. c4 g6 3. Nf3 Bg7 4. e3 d5 5. cxd5 Nxd5 6. e4 Nf6 7. Nc3 0-0 8. Be2 c6 9. 0-0 Bg4 10. Bg5 Nbd7 11. Qd2 Bxf3 12. Bxf3 Nb6 13. Rfd1 Nfd7 14. Be2 f6 15. Be3 f5 16. d5 cxd5 17. Nxd5 e6 18. Nxb6 Nxb6 19. Qb4 Qf6 20. Bd4 e5 21. Bc5 Rfd8 22. a4 Qc6 23. Bb5 Qxe4 24. Qb3+ Kh8 25. a5 Rxd1+ 26. Rxd1 a6 27. f3 Qh4 28. Be2 Na4 29. Bf2 Qf4 30. Qxb7 Rg8 31. Qb3 0-1

[Event "IECG WC.2005.P.00011 email"]
[Site "IECG email"]
[Date "2002.01.29"]
[Round "?"]
[White "Gornoi, Meelik"]
[Black "Amadio, Giancarlo"]
[Result "1-0"]
[WhiteElo "1943"]
[BlackElo "1627"]
[PlyCount "49"]
[EventDate "2002.01.29"]
[EventType "tourn (corr)"]
[EventRounds "12"]
[SourceTitle "Corr 2008"]
[Source "ChessBase"]
[SourceDate "2008.06.24"]
[SourceVersion "1"]
[SourceVersionDate "2008.06.24"]
[SourceQuality "1"]

1. e4 c5 2. Nf3 d6 3. d4 cxd4 4. Nxd4 Nf6 5. Nc3 a6 6. Bg5 e6 7. f4 Be7 8. Qf3 h6 9. Bh4 Qc7 10. 0-0-0 Nbd7 11. Bd3 Nc5 12. Qg3 Nh5 13. Qg4 Nxd3+ 14. Rxd3 Nxf4 15. Qxf4 g5 16. Qg4 h5 17. Qg3 gxh4 18. Qg7 Rf8 19. Re1 Bd7 20. Nf5 Bb5 21. Rde3 Rc8 22. Nxe7 Qxe7 23. Nd5 Qd8 24. Rf3 Qa5 25. Ree3 1-0

[Event "IECC CL5-2002.01"]
[Site "IECC email"]
[Date "2002.01.18"]
[Round "?"]
[White "Lixa, Alberto JP"]
[Black "Amadio, Giancarlo"]
[Result "0-1"]
[WhiteElo "1539"]
[BlackElo "1593"]
[PlyCount "54"]
[EventDate "2002.??.??"]
[EventType "tourn (corr)"]
[EventRounds "4"]
[SourceTitle "Corr 2008"]
[Source "ChessBase"]
[SourceDate "2008.06.24"]
[SourceVersion "1"]
[SourceVersionDate "2008.06.24"]
[SourceQuality "1"]

1. e4 c5 2. Nf3 d6 3. Bc4 Nf6 4. Qe2 Nc6 5. h3 e6 6. Nc3 Be7 7. 0-0 0-0 8. Rd1 d5 9. exd5 exd5 10. Bb5 Nd4 11. Nxd4 cxd4 12. Nb1 Bd6 13. c3 a6 14. Ba4 b5 15. Bc2 Re8 16. Qf3 Qe7 17. Rf1 Qe5 18. Qg3 Qxg3 19. fxg3 Nh5 20. g4 Nf4 21. Kh1 d3 22. Bb3 Bb7 23. Bd1 Ne2 24. Rf3 Ng3+ 25. Kh2 Re1 26. Rxg3 Rh1+ 27. Kxh1 Bxg3 0-1

[Event "IECC CL4-2001.37"]
[Site "IECC email"]
[Date "2001.11.30"]
[Round "?"]
[White "Amadio, Giancarlo"]
[Black "Jordan, Tanya"]
[Result "0-1"]
[WhiteElo "1650"]
[BlackElo "1770"]
[PlyCount "102"]
[EventDate "2001.??.??"]
[EventType "tourn (corr)"]
[EventRounds "4"]
[SourceTitle "Corr 2008"]
[Source "ChessBase"]
[SourceDate "2008.06.24"]
[SourceVersion "1"]
[SourceVersionDate "2008.06.24"]
[SourceQuality "1"]

1. Nf3 d5 2. d4 Nf6 3. Bf4 c5 4. dxc5 e6 5. b4 a5 6. c3 axb4 7. cxb4 b6 8. e3 bxc5 9. bxc5 Bxc5 10. Nbd2 0-0 11. Be2 Bd6 12. Ne5 Ba6 13. 0-0 Qe7 14. Bxa6 Nxa6 15. Ndc4 Bc7 16. Nc6 Qe8 17. N4e5 Ne4 18. Rc1 g5 19. f3 Nec5 20. Bxg5 f6 21. Ng4 fxg5 22. Qd4 h5 23. Nf6+ Rxf6 24. Qxf6 Qxc6 25. Qxg5+ Kf8 26. Qxh5 Qe8 27. Qh6+ Ke7 28. Qg5+ Kd7 29. Qg7+ Qe7 30. Qxe7+ Kxe7 31. Rc2 Nd3 32. Rb1 Bd6 33. Rc3 Ne5 34. Rb7+ Kf6 35. f4 Nc4 36. e4 Bxf4 37. Rf3 Ke5 38. exd5 exd5 39. Re7+ Kd6 40. Re2 Be5 41. g4 Nb4 42. a3 Nxa3 43. Kg2 d4 44. Rb3 Nac2 45. Rd2 Bf4 46. Rf2 Nd3 47. Rb6+ Kc5 48. Rxc2+ Kxb6 49. Re2 Kc5 50. Kf3 Rf8 51. Ke4 Ne1 0-1

[Event "SEMI A026 email"]
[Site "SEMI email"]
[Date "2001.11.19"]
[Round "?"]
[White "Brandi, Flaviano"]
[Black "Amadio, Giancarlo"]
[Result "1-0"]
[WhiteElo "1890"]
[BlackElo "1800"]
[PlyCount "63"]
[EventDate "2001.11.19"]
[EventType "tourn (corr)"]
[EventRounds "6"]
[EventCountry "ITA"]
[SourceTitle "Telechess CBM 097"]
[Source "ChessBase"]
[SourceDate "2003.11.11"]
[SourceVersion "1"]
[SourceVersionDate "2003.11.11"]
[SourceQuality "1"]

1. d4 Nf6 2. Nf3 d5 3. c4 e6 4. Nc3 Bb4 5. cxd5 exd5 6. Bg5 Bxc3+ 7. bxc3 c6 8. Qc2 h6 9. Bh4 g5 10. Bg3 Ne4 11. e3 Qa5 12. Rc1 Bf5 13. Bd3 Nd7 14. Bd6 Nxd6 15. Bxf5 Nxf5 16. Qxf5 Qxa2 17. 0-0 Qa3 18. Ne5 Nxe5 19. Qxe5+ Kd7 20. Qf5+ Ke7 21. e4 Qd6 22. Rce1 Kf8 23. exd5 cxd5 24. f4 g4 25. Re5 Rd8 26. Qxg4 a5 27. Rfe1 Rg8 28. Qh4 Rg6 29. f5 Qf6 30. Qf4 Rg8 31. Re7 Qg5 32. Qxg5 1-0

[Event "IECC CL5-2001.30"]
[Site "IECC email"]
[Date "2001.11.01"]
[Round "?"]
[White "Amadio, Giancarlo"]
[Black "Williams, Derek"]
[Result "1-0"]
[WhiteElo "1559"]
[BlackElo "1597"]
[PlyCount "89"]
[EventDate "2001.??.??"]
[EventType "tourn (corr)"]
[EventRounds "4"]
[SourceTitle "Corr 2008"]
[Source "ChessBase"]
[SourceDate "2008.06.24"]
[SourceVersion "1"]
[SourceVersionDate "2008.06.24"]
[SourceQuality "1"]

1. d4 d5 2. Bf4 Bf5 3. e3 e6 4. Bd3 Bxd3 5. Qxd3 Nc6 6. Nd2 Nf6 7. Ngf3 Nh5 8. Bg3 Nxg3 9. hxg3 h6 10. 0-0-0 Nb4 11. Qb3 a5 12. Qa4+ c6 13. Kb1 b5 14. Qb3 Bd6 15. g4 Qb6 16. g5 c5 17. dxc5 Qxc5 18. a4 Kf8 19. Nd4 bxa4 20. Qxa4 Qb6 21. gxh6 Rxh6 22. Rxh6 gxh6 23. N2b3 Bc7 24. c3 e5 25. cxb4 exd4 26. Rxd4 Rb8 27. Nxa5 Qg6+ 28. Qc2 Rb5 29. Qxg6 fxg6 30. Kc2 Bxa5 31. bxa5 Rxa5 32. Rd3 Kf7 33. Ra3 Rc5+ 34. Rc3 Rb5 35. Rc7+ Kf6 36. Rc6+ Kg7 37. Kc3 Ra5 38. b4 Ra2 39. b5 Rxf2 40. Rc7+ Kf6 41. b6 d4+ 42. exd4 Rf1 43. Kb2 Rf5 44. Rc3 Ke6 45. b7 1-0

[Event "IECC CL5-2001.30"]
[Site "IECC email"]
[Date "2001.11.01"]
[Round "?"]
[White "Che, Tai"]
[Black "Amadio, Giancarlo"]
[Result "0-1"]
[WhiteElo "1495"]
[BlackElo "1495"]
[PlyCount "56"]
[EventDate "2001.??.??"]
[EventType "tourn (corr)"]
[EventRounds "4"]
[SourceTitle "Corr 2008"]
[Source "ChessBase"]
[SourceDate "2008.06.24"]
[SourceVersion "1"]
[SourceVersionDate "2008.06.24"]
[SourceQuality "1"]

1. d4 Nf6 2. c4 e6 3. Nc3 Bb4 4. Nf3 d5 5. cxd5 exd5 6. Bg5 Bxc3+ 7. bxc3 c6 8. e3 Qa5 9. Qb3 Ne4 10. Rc1 b6 11. Be2 Ba6 12. Qb4 Qxb4 13. cxb4 0-0 14. Bxa6 Nxa6 15. 0-0 Nxb4 16. Be7 Nxa2 17. Ra1 Rfe8 18. Ba3 Nac3 19. Bb2 Ne2+ 20. Kh1 c5 21. Rae1 N2c3 22. Bxc3 Nxc3 23. dxc5 bxc5 24. Ra1 Ne4 25. g3 a5 26. Kg2 Reb8 27. Rfd1 Rb2 28. Rxd5 Rxf2+ 0-1

[Event "IECG CP.2001.P.00086"]
[Site "IECG email"]
[Date "2001.10.01"]
[Round "?"]
[White "Amadio, Giancarlo"]
[Black "Munoz, Lazaro"]
[Result "1-0"]
[WhiteElo "1349"]
[BlackElo "1832"]
[PlyCount "31"]
[EventDate "2001.10.01"]
[EventType "tourn (corr)"]
[EventRounds "6"]
[SourceTitle "Corr 2008"]
[Source "ChessBase"]
[SourceDate "2008.06.24"]
[SourceVersion "1"]
[SourceVersionDate "2008.06.24"]
[SourceQuality "1"]

1. Nf3 Nf6 2. d4 d5 3. Bf4 c6 4. e3 Bf5 5. Nbd2 e6 6. c4 Qb6 7. Qc1 Nbd7 8. c5 Qd8 9. Qc3 Ne4 10. Nxe4 dxe4 11. Nd2 Nf6 12. Qb3 b6 13. Ba6 Qd7 14. Nc4 bxc5 15. Ne5 Qc7 16. Bb7 1-0

[Event "IECG CP.2001.P.00086"]
[Site "IECG email"]
[Date "2001.10.01"]
[Round "?"]
[White "Weiler Thiessen, David"]
[Black "Amadio, Giancarlo"]
[Result "0-1"]
[WhiteElo "775"]
[BlackElo "1349"]
[PlyCount "44"]
[EventDate "2001.10.01"]
[EventType "tourn (corr)"]
[EventRounds "6"]
[SourceTitle "Corr 2008"]
[Source "ChessBase"]
[SourceDate "2008.06.24"]
[SourceVersion "1"]
[SourceVersionDate "2008.06.24"]
[SourceQuality "1"]

1. e4 c5 2. Nf3 d6 3. d4 cxd4 4. Qxd4 Nc6 5. Bb5 Bd7 6. Bxc6 bxc6 7. 0-0 e5 8. Qd3 f5 9. exf5 Qc8 10. Re1 Bxf5 11. Qc4 Nf6 12. Ng5 Qd7 13. Nc3 h6 14. Nf3 Be7 15. Qb3 Be6 16. Qb4 Nd5 17. Nxd5 Bxd5 18. Qc3 0-0 19. b3 e4 20. Qe3 exf3 21. Qxe7 Qg4 22. g3 Qh3 0-1

[Event "IECC CL6-2001.28"]
[Site "IECC email"]
[Date "2001.09.14"]
[Round "?"]
[White "Popp, Tony"]
[Black "Amadio, Giancarlo"]
[Result "0-1"]
[WhiteElo "1330"]
[BlackElo "1377"]
[PlyCount "44"]
[EventDate "2001.??.??"]
[EventType "tourn (corr)"]
[EventRounds "4"]
[SourceTitle "Corr 2008"]
[Source "ChessBase"]
[SourceDate "2008.06.24"]
[SourceVersion "1"]
[SourceVersionDate "2008.06.24"]
[SourceQuality "1"]

1. f4 d5 2. b3 Bg4 3. Nf3 e6 4. Ne5 Bh5 5. g3 Nd7 6. d4 Nxe5 7. dxe5 Bc5 8. Bb2 Bg6 9. Bg2 Nh6 10. Bd4 Qe7 11. c3 Nf5 12. Bf3 Bxd4 13. cxd4 Ne3 14. Qc1 Nc2+ 15. Kf2 Nxa1 16. Na3 0-0 17. Qb2 Nxb3 18. Qxb3 c5 19. dxc5 Qxc5+ 20. e3 Rac8 21. Re1 Rc6 22. Qxb7 Rb6 0-1

[Event "IECC KO email"]
[Site "IECC email"]
[Date "2001.09.01"]
[Round "?"]
[White "Romero, Paul L"]
[Black "Amadio, Giancarlo"]
[Result "0-1"]
[WhiteElo "1569"]
[BlackElo "1541"]
[PlyCount "70"]
[EventDate "2001.??.??"]
[EventType "tourn (corr)"]
[EventRounds "6"]
[SourceTitle "Corr 2008"]
[Source "ChessBase"]
[SourceDate "2008.06.24"]
[SourceVersion "1"]
[SourceVersionDate "2008.06.24"]
[SourceQuality "1"]

1. d4 e6 2. Nf3 d5 3. Bg5 f6 4. Bf4 g5 5. Bg3 h5 6. h4 g4 7. Nfd2 Ne7 8. c4 Nf5 9. e3 Nxg3 10. fxg3 c6 11. Qc2 f5 12. cxd5 Bd6 13. dxe6 Bxg3+ 14. Kd1 Bxe6 15. Bd3 0-0 16. Rf1 Qd7 17. Nc3 Bxh4 18. Ne2 Bg5 19. Nf4 Bxf4 20. Rxf4 b5 21. Rc1 h4 22. Nb3 Na6 23. Qxc6 Qxc6 24. Rxc6 Bxb3+ 25. axb3 Nb4 26. Bxb5 Nxc6 27. Bxc6 Rad8 28. b4 Kg7 29. Kd2 h3 30. gxh3 gxh3 31. Bf3 h2 32. d5 Kf6 33. Rc4 Rh8 34. Bh1 Ke5 35. Ke2 Rxd5 0-1

[Event "IECC CL6-2001.23"]
[Site "IECC email"]
[Date "2001.07.18"]
[Round "?"]
[White "Espiritu, Eduardo"]
[Black "Amadio, Giancarlo"]
[Result "0-1"]
[WhiteElo "1299"]
[BlackElo "1412"]
[PlyCount "36"]
[EventDate "2001.??.??"]
[EventType "tourn (corr)"]
[EventRounds "4"]
[SourceTitle "Corr 2008"]
[Source "ChessBase"]
[SourceDate "2008.06.24"]
[SourceVersion "1"]
[SourceVersionDate "2008.06.24"]
[SourceQuality "1"]

1. e4 c5 2. Nf3 d6 3. d4 cxd4 4. Nxd4 e5 5. Nb5 Be6 6. c4 Nc6 7. Be3 Nf6 8. f3 Be7 9. N1c3 a6 10. Na3 Qa5 11. Be2 Bd8 12. 0-0 Bb6 13. Nc2 Bxe3+ 14. Nxe3 Nd4 15. Ncd5 Bxd5 16. cxd5 0-0 17. Nc4 Qc5 18. Kh1 Rac8 0-1

[Event "SEMI Sicilian Defence 4.Qxd4 (1) email"]
[Site "SEMI email"]
[Date "2001.05.30"]
[Round "?"]
[White "Bongiovanni, Claudio"]
[Black "Amadio, Giancarlo"]
[Result "1/2-1/2"]
[WhiteElo "1350"]
[BlackElo "1300"]
[PlyCount "63"]
[EventDate "2001.05.30"]
[EventType "tourn (corr)"]
[EventRounds "9"]
[EventCountry "ITA"]
[SourceTitle "Corr 2008"]
[Source "ChessBase"]
[SourceDate "2008.06.24"]
[SourceVersion "1"]
[SourceVersionDate "2008.06.24"]
[SourceQuality "1"]

1. e4 c5 2. Nf3 d6 3. d4 cxd4 4. Qxd4 Nc6 5. Bb5 Bd7 6. Bxc6 Bxc6 7. Nc3 Nf6 8. Bg5 e6 9. 0-0-0 Be7 10. Rhe1 0-0 11. Kb1 Qc7 12. Qd2 h6 13. Bxh6 gxh6 14. Qxh6 Nh7 15. Nd4 Bg5 16. Qh5 Qe7 17. Nd5 exd5 18. exd5 Qd7 19. dxc6 bxc6 20. Rd3 Rae8 21. Red1 c5 22. Nf3 Bf6 23. Rxd6 Qe7 24. Qxc5 Rb8 25. b3 Rbd8 26. Qd5 Qe2 27. Qd2 Qb5 28. c4 Qf5+ 29. Qd3 Rxd6 30. Qxf5 Rxd1+ 31. Kc2 Ra1 32. Qa5 1/2-1/2

[Event "IECG RF.2001.0.00002"]
[Site "IECG email"]
[Date "2001.05.29"]
[Round "?"]
[White "Amadio, Giancarlo"]
[Black "Murtinho de Moraes, Bruno"]
[Result "1-0"]
[WhiteElo "1000"]
[BlackElo "1030"]
[PlyCount "75"]
[EventDate "2001.05.29"]
[EventType "tourn (corr)"]
[EventRounds "6"]
[SourceTitle "Corr 2008"]
[Source "ChessBase"]
[SourceDate "2008.06.24"]
[SourceVersion "1"]
[SourceVersionDate "2008.06.24"]
[SourceQuality "1"]

1. d4 d5 2. Bf4 Nf6 3. Nf3 Bf5 4. e3 e6 5. Bd3 Bxd3 6. Qxd3 Nbd7 7. Qb3 Nb6 8. Nc3 Bd6 9. 0-0 0-0 10. Bg5 c5 11. dxc5 Bxc5 12. e4 d4 13. Ne2 h6 14. Bxf6 Qxf6 15. e5 Qg6 16. Nexd4 Rfd8 17. Rad1 Rac8 18. c3 a6 19. a4 Rd7 20. a5 Nd5 21. Ne2 Rcd8 22. Qa4 Be7 23. Ng3 b5 24. axb6 Nxb6 25. Qa1 Rxd1 26. Rxd1 Rxd1+ 27. Qxd1 Nd5 28. Nd4 Nf4 29. Nc6 Bf8 30. h4 Bc5 31. Qf3 Qb1+ 32. Kh2 Nd3 33. Ne4 Bb6 34. Ne7+ Kf8 35. Ng6+ Kg8 36. Nd2 Qxb2 37. Qa8+ Kh7 38. Ne7 1-0

[Event "IECC M email"]
[Site "IECC email"]
[Date "2001.05.10"]
[Round "?"]
[White "Amadio, Giancarlo"]
[Black "Tan, Jacinto"]
[Result "1-0"]
[WhiteElo "1201"]
[BlackElo "1229"]
[PlyCount "45"]
[EventDate "2001.??.??"]
[EventType "tourn (corr)"]
[EventRounds "6"]
[SourceTitle "Corr 2008"]
[Source "ChessBase"]
[SourceDate "2008.06.24"]
[SourceVersion "1"]
[SourceVersionDate "2008.06.24"]
[SourceQuality "1"]

1. e4 e5 2. Nf3 Nc6 3. Bb5 a6 4. Bxc6 dxc6 5. 0-0 Bg4 6. h3 h5 7. d3 Bd6 8. hxg4 hxg4 9. Ng5 Qe7 10. Qxg4 Nh6 11. Qh3 f6 12. Qh5+ Kd7 13. Qh3+ Ke8 14. Nf3 Nf7 15. Qg4 Nh6 16. Bxh6 Rxh6 17. Nc3 Kf7 18. g3 Rah8 19. Kg2 Rg6 20. Qf5 Bc5 21. Rh1 Rd8 22. Qh5 Qe6 23. Nh4 1-0

[Event "IECC CL7-2001.12"]
[Site "IECC email"]
[Date "2001.05.07"]
[Round "?"]
[White "Amadio, Giancarlo"]
[Black "Viatge, Fabrice"]
[Result "1-0"]
[WhiteElo "1447"]
[BlackElo "1150"]
[PlyCount "114"]
[EventDate "2001.??.??"]
[EventType "tourn (corr)"]
[EventRounds "4"]
[SourceTitle "Corr 2008"]
[Source "ChessBase"]
[SourceDate "2008.06.24"]
[SourceVersion "1"]
[SourceVersionDate "2008.06.24"]
[SourceQuality "1"]

1. d4 Nf6 2. c4 g6 3. Nc3 Bg7 4. e4 d6 5. Nf3 0-0 6. Be2 e5 7. 0-0 Nc6 8. d5 Ne7 9. Bg5 Ne8 10. Qb3 h6 11. Bd2 f5 12. exf5 gxf5 13. Ne1 Nf6 14. Rd1 Ng6 15. Nc2 f4 16. Bd3 Ne7 17. Rfe1 f3 18. gxf3 Qd7 19. Ne4 Qh3 20. Bf1 Qh5 21. Ng3 Qh4 22. Ne3 Nd7 23. Ng2 Qf6 24. f4 Qf7 25. Be2 Nc5 26. Qa3 Bh3 27. b4 Nd7 28. Bh5 Qf6 29. Qf3 Bf5 30. Nxf5 Nxf5 31. Qe4 Rad8 32. Bg4 Rde8 33. Bh5 Re7 34. Qd3 Nh4 35. Qe2 Nxg2 36. Kxg2 Nb6 37. Rc1 Kh8 38. h3 e4 39. Be3 Na4 40. Qc2 Nb2 41. Be2 Nd3 42. Bxd3 Qg6+ 43. Kh2 exd3 44. Qd2 Rg8 45. Rcd1 a6 46. Qxd3 Qxd3 47. Rxd3 Re4 48. Rc1 Bf6 49. b5 axb5 50. cxb5 Re7 51. b6 cxb6 52. Rb1 b5 53. Rxb5 Reg7 54. Rb1 Ra8 55. Rb6 Rd7 56. a3 Bd8 57. Rb5 Bf6 1-0

[Event "SEMI 10-Fance Echecs 2 email"]
[Site "SEMI email"]
[Date "2001.05.02"]
[Round "?"]
[White "Amadio, Giancarlo"]
[Black "Guille, Loic"]
[Result "1-0"]
[WhiteElo "1300"]
[BlackElo "1230"]
[PlyCount "31"]
[EventDate "2001.??.??"]
[EventType "team-swiss (corr)"]
[EventRounds "5"]
[EventCountry "ITA"]
[SourceTitle "Corr 2004"]
[Source "ChessBase"]
[SourceDate "2003.04.28"]
[SourceVersion "3"]
[SourceVersionDate "2003.04.28"]
[SourceQuality "1"]
[WhiteTeam "SEMI-10"]
[BlackTeam "France Echecs-2"]
[WhiteTeamCountry "ITA"]
[BlackTeamCountry "FRA"]

1. e4 e5 2. Nf3 Nf6 3. d4 Nxe4 4. Bd3 d5 5. Nxe5 Bd6 6. 0-0 0-0 7. c4 Bxe5 8. dxe5 Nc6 9. Bf4 Be6 10. Bc2 Nb4 11. cxd5 Bxd5 12. Re1 Nc5 13. Be3 Qe7 14. Nc3 Rad8 15. Bf5 Be6 16. Qg4 1-0

[Event "IECG QF.2001.0.00001"]
[Site "IECG email"]
[Date "2001.04.30"]
[Round "?"]
[White "Amadio, Giancarlo"]
[Black "Blanco, Gerardo"]
[Result "1-0"]
[WhiteElo "1000"]
[BlackElo "1100"]
[PlyCount "49"]
[EventDate "2001.04.30"]
[EventType "tourn (corr)"]
[EventRounds "6"]
[SourceTitle "Corr 2008"]
[Source "ChessBase"]
[SourceDate "2008.06.24"]
[SourceVersion "1"]
[SourceVersionDate "2008.06.24"]
[SourceQuality "1"]

1. d4 d5 2. Bf4 Nc6 3. e3 Nf6 4. Nd2 e6 5. Ngf3 Be7 6. c3 0-0 7. Bd3 Nh5 8. 0-0 Bf6 9. Qc2 g6 10. Bh6 Re8 11. e4 e5 12. exd5 Qxd5 13. Rae1 Bg7 14. Bc4 Qd7 15. Bxg7 Kxg7 16. d5 Na5 17. Nxe5 Qd6 18. Nxf7 Kxf7 19. Rxe8 Nxc4 20. Nxc4 Qxd5 21. Qe2 Kf6 22. Qe7+ Kf5 23. Ne3+ Kf4 24. Qh4+ Bg4 25. Qxg4# 1-0